Auf welches Land trifft diese Aussage zu? #3 - Statistiken

Allgemein
  • Dieses Quiz wurde 53 mal gespielt
  • Das Durchschnittsergebnis liegt bei 49 aus 72
Antwortstatistiken
Frage Kachel Select % Korrekt
Hat einen Berg, der höher als die Zugspitze ist St. Vincent und die Grenadinen Nein
98%
Hat einen Berg, der höher als die Zugspitze ist Bosnien und Herzegowina Nein
96%
Liegt in der selben Zeitzone wie Deutschland Kirgisistan Nein
96%
Liegt in der selben Zeitzone wie Deutschland Kolumbien Nein
96%
Liegt in der selben Zeitzone wie Deutschland Libanon Nein
96%
Hat einen Berg, der höher als die Zugspitze ist Österreich Ja
96%
Liegt in der selben Zeitzone wie Deutschland Sri Lanka Nein
96%
Hat einen Berg, der höher als die Zugspitze ist São Tomé und Príncipe Nein
94%
Liegt in der selben Zeitzone wie Deutschland Belgien Ja
92%
Hat kein Frauenwahlrecht Niederlande Nein
92%
Hat kein Frauenwahlrecht Schweiz Nein
92%
Längeres Straßennetz als Deutschland Kosovo Nein
90%
Hauptstadt ist nicht größte Stadt Panama Nein
90%
Längeres Straßennetz als Deutschland Zypern Nein
90%
Hat kein Frauenwahlrecht Kolumbien Nein
88%
Hat einen Berg, der höher als die Zugspitze ist Rumänien Nein
88%
Lebenserwartung über 70 Sierra Leone Nein
88%
Hauptstadt ist nicht größte Stadt Brasilien Ja
86%
Hauptstadt ist nicht größte Stadt Dominikanische Republik Nein
86%
Hauptstadt ist nicht größte Stadt Jamaika Nein
86%
Lebenserwartung über 70 Kamerun Nein
86%
Hauptstadt ist nicht größte Stadt Mosambik Nein
86%
War Teil des Römischen Reiches zu seiner größten Ausdehnung Irland Nein
84%
Lebenserwartung über 70 Belgien Ja
82%
Lebenserwartung über 70 Island Ja
82%
Hauptstadt ist nicht größte Stadt Oman Nein
82%
Hauptstadt ist nicht größte Stadt Schweiz Ja
82%
Liegt in der selben Zeitzone wie Deutschland Tschechien Ja
82%
War Teil des Römischen Reiches zu seiner größten Ausdehnung Ägypten Ja
78%
Hat einen Berg, der höher als die Zugspitze ist Island Nein
78%
Liegt in der selben Zeitzone wie Deutschland Ukraine Nein
78%
War Teil des Römischen Reiches zu seiner größten Ausdehnung Deutschland Ja
74%
Liegt vollständig auf der Eurasischen Platte Polen Ja
74%
Hat kein Frauenwahlrecht Saudi-Arabien Ja
74%
Liegt vollständig auf der Eurasischen Platte Slowakei Ja
74%
Hauptstadt ist nicht größte Stadt Tuvalu Nein
74%
Liegt vollständig auf der Eurasischen Platte Indien Nein
72%
War Teil des Römischen Reiches zu seiner größten Ausdehnung Polen Nein
72%
Längeres Straßennetz als Deutschland Indien Ja
68%
Längeres Straßennetz als Deutschland Italien Nein
68%
Längeres Straßennetz als Deutschland Japan Ja
68%
Liegt in der selben Zeitzone wie Deutschland Marokko Nein
68%
War Teil des Römischen Reiches zu seiner größten Ausdehnung Mauretanien Nein
68%
Längeres Straßennetz als Deutschland Iran Nein
66%
Liegt in der selben Zeitzone wie Deutschland Mauretanien Nein
66%
Liegt vollständig auf der Eurasischen Platte Andorra Ja
64%
Liegt vollständig auf der Eurasischen Platte Finnland Ja
62%
Hat kein Frauenwahlrecht Sambia Nein
62%
War Teil des Römischen Reiches zu seiner größten Ausdehnung Belgien Ja
60%
Hat einen Berg, der höher als die Zugspitze ist Tadschikistan Ja
58%
Hat einen Berg, der höher als die Zugspitze ist Mexiko Ja
56%
Hat kein Frauenwahlrecht Vatikan Ja
56%
War Teil des Römischen Reiches zu seiner größten Ausdehnung Vereinigtes Königreich Ja
56%
Lebenserwartung über 70 Bhutan Nein
54%
Hat kein Frauenwahlrecht Demokratische Republik Kongo Nein
54%
Längeres Straßennetz als Deutschland Südafrika Nein
54%
Längeres Straßennetz als Deutschland Frankreich Ja
52%
Liegt vollständig auf der Eurasischen Platte Russland Nein
52%
Hat einen Berg, der höher als die Zugspitze ist Türkei Ja
52%
War Teil des Römischen Reiches zu seiner größten Ausdehnung Irak Ja
48%
Längeres Straßennetz als Deutschland Türkei Nein
44%
Hat kein Frauenwahlrecht Brunei Ja
40%
War Teil des Römischen Reiches zu seiner größten Ausdehnung Saudi-Arabien Ja
38%
Lebenserwartung über 70 Montenegro Ja
36%
Liegt vollständig auf der Eurasischen Platte Nordkorea Ja
36%
Lebenserwartung über 70 Ägypten Ja
34%
Liegt vollständig auf der Eurasischen Platte Südkorea Ja
30%
Hat kein Frauenwahlrecht Oman Nein
28%
Hauptstadt ist nicht größte Stadt Ecuador Ja
18%
Liegt vollständig auf der Eurasischen Platte Singapur Ja
10%
Lebenserwartung über 70 Suriname Ja
6%
Lebenserwartung über 70 Guyana Ja
4%
Keine übereinstimmenden Quizze gefunden
Verteilung der Resultate
Anzahl Personen mit jedem Resultat
Perzentil nach korrekt beantworteten Fragen
Ihre Resultats-Entwicklung
Sie haben dieses Quiz noch nicht gespielt